000 00468nam a22001697a 4500
003 OSt
005 20140310182216.0
008 130907t xxu||||| |||| 00| 0 eng d
020 _a9781932645
050 _aBT 431
_b.G946 2004
082 _aHS 232.96
_bG94 2004
245 _aA guide to the passion :
_cCatholic Exchange.
260 _aWest Chester, PA :
_bCatholic Exchange,
_cc2004.
300 _a85 p. :
_bill. ;
_c22 cm.
942 _2lcc
_cHS
999 _c10599
_d10599